Cinéma en images par lettres - M - #2 - Statistiques

Statistiques générales
  • Ce quiz a été pris 187 fois
  • Le résultat moyen est 12 sur 24
Statistiques - réponses
Par images Hint Réponse % Correct
Personnage Mickey Mouse
100%
Film Mulan
92%
Métier Maquilleur.se
89%
Franchise Matrix
85%
Actrice Sophie Marceau
77%
Film Le Magicien d'Oz
73%
Type de film Muet
60%
Personnage Max
54%
Film Mommy
53%
Réalisateur Hayao Miyazaki
49%
Film La Momie
49%
Acteur Benoît Magimel
46%
Film Les Misérables
45%
Acteur Bill Murray
42%
Festival Mostra de Venise
39%
Acteur Yves Montand
39%
Acteur Ewan McGregor
38%
Film Minority Report
35%
Film Memories of Murder
31%
Actrice Julianne Moore
30%
Troupe Monty Python
28%
Réalisateur/Acteur Olivier Marchal
22%
Actrice Liza Minelli
21%
Élement de scénario MacGuffin
7%
Aucun quiz correspondant
Distribution des résultats
% des personnes avec chaque résultat
Percentile par nombre de réponses
Votre historique - résultats
Vous n’avez pas pris ce quiz